Spanish Spain's Communities Quiz Stats

 Plays Quiz not verified by Sporcle

Challenge
Share
Tweet
Embed
Score 0/19 Timer 20:00
0 Plays Today
Hint Answer % Correct
Madrid
92.3%
Extremadura
88.5%
Galicia
88.5%
Murcia
86.5%
Castilla y León
84.6%
Castilla-La Mancha
84.6%
Andalucía
82.7%
Aragón
80.8%
Asturias
80.8%
Cantabria
80.8%
Hint Answer % Correct
Cataluña
80.8%
País Vasco
78.8%
La Rioja
75%
Islas Baleares
71.2%
Islas Canarias
71.2%
Navarra
71.2%
Comunidad Valenciana
65.4%
Ceuta
59.6%
Melilla
59.6%

You're not logged in!

Compare scores with friends on all Sporcle quizzes.
Join for Free
OR
Log In

You Might Also Like...

Show Comments

Extras

Created Aug 11, 2015ReportNominate
Tags:In Spanish, Spain

Top Quizzes Today


Score Distribution

Your Account Isn't Verified!

In order to create a playlist on Sporcle, you need to verify the email address you used during registration. Go to your Sporcle Settings to finish the process.

Report this User

Report this user for behavior that violates our Community Guidelines.

Details: